00612nam a2200109Ia 4500008004100000245002300041300027600064650001600340856005500356999001900411952007200430170517s9999 xx 000 0 und d aNuclear Nightmares aNuclear Nightmares talks about how radiophobia, the fear of radioactivity, is widespread and yet not based on scientific evidence. After the Chernobyl accident, a lot of death toll numbers appeared in the news, some close to 400.000 people dead, but the reality is the... xTechnology. uhttp://topdocumentaryfilms.com/nuclear-nightmares/ c335063d335063 001040aCLbCLd2017-05-17l0r2017-05-17 00:00:00w2017-05-17yDF